1948 1448 1694 1351 1309 1702 1723 1953 1472 1505 1419 1488 1397 1828 1604 1046 1087 1383 1397 1912 1670 1710 1103 1319 1896 1050 1995 1692 1795 1719 1116 1950 1259 1986 1066 1362 1511 1129 1735 1190 1271 1945 1779 1657 1156 1972 1139 1477 1254 1055 1359 1058 1490 1485 1635 1855 1916 1171 1435 1267 1204 1865 1161 1743 1804 1738 1215 1033 1983 1930 1193 1524 1582 1804 1524 1608 1310 1071 1814 1888 1611 1780 1420 1531 1332 1020 1244 1635 1239 1844 1509 1490 1925 1291 1375 1355 1805 1813 1950 BCNSPRNW ULIB Ver.6.0+V

เปลี่ยนเป็นภาษาไทย

Change to English
 แสดงรายละเอียดบรรณานุกรม
  กลับหน้าหลัก

Brief Record : Get Marc (ISO 2709) : E-mail record : QR code < ปิดหน้าต่าง
LEADER : 00000nam 2200000uu 4500
001    13399111683
003     ULIB
008    110627s2553||||th 000 0 tha d
020    9789744752888
090    นว.^bด951ส 2553
100 0  แดน บราวน์
245 00 สาส์นลับที่สาบสูญ =^b The Lost Symbol/^cแดน บราวน์
246 0  The Lost Symbol
250    พิมพ์ครั้งที่ 13
260    กรุงเทพฯ :^bแพรวสำนักพิมพ์,^c2553
300    622 หน้า
945    ^p465^l0^i030271
995    ทศพร
999 ^a ใช้งานได้ทุกระบบ
รายการนี้ยังไม่มีแท็ก
คุณยังไม่ได้ล็อกอิน คุณสามารถมีกิจกรรมร่วมกับเว็บไซต์ได้ แต่ต้องล็อกอินก่อน ::
  ล็อกอิน

รายการสื่อสารสนเทศ

ลำดับที่ ประเภท เลขเรียก/บาร์โค้ด สถานที่ สถานะ
- ไม่พบข้อมูล -

BibComment


ยังไม่เคยถูกคอมเมนท์

คอมเมนท์ทรัพยากรรายการนี้
  คอมเมนท์: สาส์นลับที่สาบสูญ..


 Copyright 2026. Bcnsprnw @Library